[Event "Hasselbacken Open 2021"]
[Site "Stockholm"]
[Date "2021.11.05"]
[Round "4.3"]
[White "Trost, Edvin"]
[Black "Lindberg, Bengt"]
[Result "1-0"]
[WhiteElo "2274"]
[BlackElo "2378"]
[Annotator "TA"]
[PlyCount "214"]
[EventDate "2021.11.05"]
[EventType "swiss"]
[EventCountry "SWE"]
[SourceTitle "playchess.com"]
[Source "ChessBase"]
[SourceQuality "1"]

{[%evp 9,214,9,45,36,47,49,37,49,40,40,52,41,54,36,43,37,34,30,37,18,31,13,21,
0,0,-2,14,0,0,-34,-35,-45,-33,-129,-91,-120,-121,-182,-139,-125,-39,-108,-114,
-93,-93,-180,-180,-192,0,-119,-129,-128,-141,-114,0,0,0,0,0,-60,42,46,62,18,57,
54,53,81,125,118,213,206,679,125,193,45,319,276,288,29,22,14,14,14,14,14,14,14,
14,14,15,15,15,14,14,14,14,14,15,15,15,15,406,15,29,29,97,99,133,110,137,15,
289,29,288,281,206,40,273,173,219,90,82,18,320,132,132,132,692,687,694,683,649,
613,603,521,493,501,465,132,132,132,456,123,132,124,124,123,132,108,132,108,
108,108,108,108,6506,29961,29967,29968,29968,29969,29969,29970,29970,29971,
29970,29971,29976,29977,29977,29969,29969,29970,29972,29973,29973,29970,29974,
29967,29975,29974,29974,29971,29971,29972,29972,29973,29975,29976,29976,29977,
29977,29978,29978,29977,29976,29975,29977,29973,29972,29972,29974,29975,29975,
29975,29966]} 1. d4 Nf6 2. c4 e6 3. Nf3 b6 4. g3 Ba6 5. Qc2 Bb4+ 6. Bd2 {
E15: Queen's Indian: 4 g3 sidelines, 4 g3 Ba6 and 4 g3 Bb7 early deviations.}
Be7 7. e4 d5 8. cxd5 {White is slightly better.} Bxf1 $1 9. Kxf1 exd5 10. e5
Ne4 11. Kg2 Qd7 12. Nc3 {[%cal Bb1c3,Bc3e2,Be2f4][%mdl 32]} Nxd2 13. Qxd2 Nc6 {
[%cal Bb8c6,Bc6d8,Bd8e6][%mdl 32]} 14. Rac1 Nd8 15. Ne2 Ne6 16. Nf4 O-O 17. h4
{[#]} h6 $146 ({Predecessor:} 17... c5 18. dxc5 Nxf4+ 19. Qxf4 bxc5 20. b4 cxb4
21. Nd4 Rfc8 22. Nf5 Bf8 23. Rxc8 Rxc8 {0-1 (62) Perdomo,L (2428)-Delgado
Ramirez,N (2605) Brasilia 2015}) 18. Nh2 c5 19. dxc5 Nxf4+ 20. Qxf4 bxc5 21.
Ng4 (21. Rhd1 $15) 21... d4 22. Qf3 Qe6 23. h5 (23. b3 $17 {was worth a try.})
23... Rab8 (23... Qxa2 24. Nf6+ gxf6 25. exf6 $17) 24. b3 Rfd8 (24... Rb4 $17
25. Nh2 a5) 25. Rhd1 (25. Rc4 $1 $15) 25... a5 26. Rc4 Rb4 27. Rdc1 (27. Rxb4
$17 axb4 28. Rd3) 27... Bg5 $1 $19 {[%cal Rg5c1]} 28. Rxb4 cxb4 (28... Bxc1 29.
Rb5 $11) ({Better is} 28... axb4 $19 29. Rxc5 d3) 29. Rd1 (29. Rc6 $11 Qe7 30.
Qe4) 29... d3 $1 $17 30. Nh2 d2 (30... Qxe5 $6 31. Rxd3 Rxd3 32. Qxd3 $11) 31.
Qe4 Qc8 (31... a4 $1 $17 {[%cal Ra4b3]} 32. bxa4 Qxa2 33. Qxb4 Qc2) 32. f4 Be7
33. Nf3 Qc3 34. Qe2 ({White should try} 34. e6 $11 f5 35. Qb7 (35. Qxf5 Qc1 $11
)) 34... a4 (34... Rd3 $15) 35. bxa4 $14 {[%cal Rd1d2]} Rd3 36. e6 f6 ({
Much worse is} 36... Re3 $6 37. exf7+ Kxf7 38. Qxd2 $16) 37. a5 $1 ({Avoid the
trap} 37. Nxd2 $2 Rxg3+ 38. Kf1 Qd4 $19) 37... Re3 38. Qf2 Bc5 39. Rxd2 {
Hoping for Rd8+.} Rxe6 (39... Qc4 $16 {was called for.}) 40. Qf1 $1 $18 Be3 $2
(40... Bf8 41. Qb5 Qc5 42. Qxc5 Bxc5) 41. Re2 $2 (41. Rd8+ $18 Kf7 42. Ne5+ $1
{[%mdl 512]} Rxe5 43. fxe5) 41... Rd6 (41... Qd3 $16) 42. a6 (42. Nh4 $18)
42... Kf7 $2 {[%mdl 8192]} (42... Rxa6 $14 43. Rxe3 Rxa2+ 44. Re2 b3) 43. Qb1
Qd3 44. Qxd3 (44. Qe1 $18 Rxa6 45. Rxe3 Rxa2+ 46. Kh3 Qd7+ 47. g4) 44... Rxd3 {
[%mdl 4096] Endgame KRB-KRN} 45. Rb2 Ra3 46. Rxb4 {Rb7+ is the strong threat.}
Rxa2+ 47. Kh3 {Threatens to win with Nh4.} Rxa6 48. Rb7+ Kg8 49. Nh4 Rb6 50.
Rd7 {And now Nf5 would win.} Bc5 51. Nf5 Bf8 52. Rd8 Kf7 53. Kg4 Ra6 54. Rd7+
Kg8 55. Rb7 Rc6 $2 {[%mdl 8192] [#]} (55... Ra4 $11) 56. Nh4 $2 (56. Rxg7+ $1
$18 {[%mdl 512]} Bxg7 (56... Kh8 57. Rd7) 57. Ne7+ {[%mdl 64] Double Attack}
Kf7 58. Nxc6) 56... Rc5 57. Ng6 {aiming for Rb8!} Bd6 (57... Rc8 $1 $11) 58.
Rd7 $16 Rc6 59. Kf5 Ba3 60. g4 ({White should play} 60. Rd8+ $16 Kf7 61. Nh8+
Ke7 62. Rg8) 60... Bb4 $2 {[%mdl 8192]} (60... Rc5+ $11 {and Black stays safe.}
61. Ke6 Rc6+ 62. Kd5 Rc5+ 63. Kd4 Ra5) 61. Rb7 $2 (61. Rd8+ $1 $18 Kf7 62. Nh8+
Ke7 63. Rg8) 61... Ba3 $2 {[%mdl 8192]} (61... Bd6 $1 $11 {and Black has
nothing to worry.}) 62. Rb8+ $1 $18 Kf7 63. Ra8 $2 ({Only move:} 63. Nh8+ $1
$18 Ke7 64. Rg8) 63... Bb4 $2 (63... Rc5+ $14 64. Ke4 Rc3) 64. Nh8+ $1 Ke7 65.
Ra7+ (65. Rg8 $18 {is more deadly.}) 65... Kf8 $16 66. Kg6 (66. Ng6+ $16 Kg8
67. Ra8+ Kf7 68. Nh8+ Ke7 69. Kg6) 66... f5+ $2 {[%mdl 8192]} (66... Kg8 $1 $11
{and Black is okay.}) 67. Kxf5 (67. Kh7 $1 $18 {and the rest is easy. Black
must now prevent Ng6+.} Ke8 68. Ng6) 67... Rf6+ 68. Ke4 Bd6 $2 {[%mdl 8192]} (
68... Kg8 $16) 69. Ng6+ $18 Kg8 70. Ra8+ Kf7 71. Kd5 Bb4 72. Rb8 Ba3 73. Rb7+
Kg8 74. Ke4 $2 (74. Ra7 $18 Rd6+ 75. Ke5) 74... Re6+ $16 75. Kf3 Rf6 $2 {
[%mdl 8192]} (75... Re8 $16 {is more resistant.} 76. g5 Ra8 77. gxh6 gxh6) 76.
Nh4 $2 (76. Rb8+ $18 {and White stays clearly on top.} Kf7 77. Ne5+ Ke6 78. Ke4
) 76... Bc5 77. Nf5 Bf8 78. Rd7 Ra6 79. Nh4 Rd6 80. Rxd6 Bxd6 {KB-KN} 81. Ke4
Kf7 82. Kf5 Ba3 $2 {[%mdl 8192]} (82... Bc5 $16 83. Nf3 Be3) 83. Ng6 $18 Bc1 {
White mates.} 84. Ne5+ Kg8 85. Nd3 $1 {[%cal Rd3c1]} Bd2 {[#]} 86. Kg6 $1 Be3 {
[#]} 87. f5 $1 Bd4 88. Nf4 Ba1 89. Nd5 Bb2 90. Ne7+ Kf8 91. Nc8 Be5 92. Nb6 Kg8
93. Nc4 Bf4 94. Na5 Be3 95. Nc6 Bg5 96. Nd4 Bf6 97. Ne6 Be5 98. Nc5 Bf4 99. Nd7
Bd2 100. f6 gxf6 101. Nxf6+ Kh8 102. Nd5 Bg5 103. Nb6 Kg8 104. Nc4 Bf4 105. Nb2
Kf8 106. Nd3 Be3 107. Ne5 Bd4 {A wild game.  Weighted Error Value: White=0.51/
Black=0.55} 1-0

[Event "Hasselbacken Open 2021"]
[Site "Stockholm"]
[Date "2021.11.05"]
[Round "2.8"]
[White "Jiretorn, Eva"]
[Black "Lindgren, Philip"]
[Result "0-1"]
[WhiteElo "2014"]
[BlackElo "2357"]
[Annotator "ChessBase"]
[PlyCount "48"]
[EventDate "2021.11.05"]
[EventType "swiss"]
[EventCountry "SWE"]
[SourceTitle "playchess.com"]
[Source "ChessBase"]
[SourceQuality "1"]
[TimeControl "900+5"]

1. d4 {[%emt 0:00:03]} Nf6 {[%emt 0:00:07]} 2. c4 {[%emt 0:00:01]} e6 {[%emt 0:
00:02]} 3. Nf3 {[%emt 0:00:01]} d5 {[%emt 0:00:05]} 4. g3 {[%emt 0:00:02]} Bb4+
{[%emt 0:00:21]} 5. Bd2 {[%emt 0:00:05]} Bd6 {[%emt 0:00:04]} 6. Nc3 {[%emt 0:
00:15]} c6 {[%emt 0:00:20]} 7. Bg2 {[%emt 0:00:38]} Nbd7 {[%emt 0:00:12]} 8.
O-O {[%emt 0:00:08]} dxc4 {[%emt 0:00:35]} 9. e4 {[%emt 0:00:17]} e5 {[%emt 0:
00:06]} 10. a4 {[%emt 0:00:51]} O-O {[%emt 0:00:39]} 11. Qe2 {[%emt 0:00:37]}
exd4 {[%emt 0:00:15]} 12. Nxd4 {[%emt 0:00:12]} Ne5 {[%emt 0:00:05]} 13. Kh1 {
[%emt 0:00:43]} Bc5 {[%emt 0:00:34]} 14. Nf3 {[%emt 0:01:49]} Bg4 {[%emt 0:03:
04]} 15. Be3 {[%emt 0:02:01]} Bxe3 16. Qxe3 {[%emt 0:00:10]} Bxf3 {[%emt 0:02:
33]} 17. Bxf3 {[%emt 0:00:10]} Nxf3 {[%emt 0:00:03]} 18. Qxf3 {[%emt 0:00:02]}
Re8 {[%emt 0:00:04]} 19. Rfd1 {[%emt 0:01:45]} Qb6 {[%emt 0:00:15]} 20. Rd2 {
[%emt 0:00:15]} Qc5 {[%emt 0:00:12]} 21. Qe2 {[%emt 0:01:56]} h6 {[%emt 0:00:
48]} 22. f3 {[%emt 0:00:02]} Rad8 {[%emt 0:00:58]} 23. Rad1 {[%emt 0:00:06]}
Rxd2 {[%emt 0:00:07]} 24. Qxd2 {[%emt 0:00:09]} b5 {[%emt 0:01:00]} 0-1

[Event "Hasselbacken Open 2021"]
[Site "Stockholm"]
[Date "2021.11.05"]
[Round "4.4"]
[White "Sorensen, Hampus"]
[Black "Malesevic, Nedeljko"]
[Result "1-0"]
[WhiteElo "2377"]
[BlackElo "2253"]
[Annotator "TA"]
[PlyCount "16"]
[EventDate "2021.11.05"]
[EventType "swiss"]
[EventCountry "SWE"]
[SourceTitle "playchess.com"]
[Source "ChessBase"]
[SourceQuality "1"]

{[%evp 13,16,-21,43,0,88]} 1. d4 d5 2. c4 dxc4 3. e3 Be6 4. Nf3 Nf6 5. Nc3 c6
6. Ng5 Bd5 {[#]} 7. Nf3 $146 ({Predecessor:} 7. e4 h6 8. exd5 hxg5 9. dxc6 Nxc6
10. d5 Ne5 11. Bxg5 g6 12. Bf4 Nfd7 13. Be2 Bg7 14. O-O a6 15. Re1 {1-0 (102)
Fier,A (2607)-Ma,Q (2606) Auckland 2016}) 7... Be6 (7... Nbd7 $11) 8. Ng5 {
[%mdl 1024] White has compensation. D25: Queen's Gambit Accepted: 4 e3:
sidelines and 4...Bg4.} Bd5 {Not enough moves} 1-0

[Event "Hasselbacken Open 2021"]
[Site "Stockholm"]
[Date "2021.11.05"]
[Round "1.1"]
[White "Nebrin, Johan"]
[Black "Westerberg, Jonathan"]
[Result "0-1"]
[WhiteElo "1877"]
[BlackElo "2495"]
[Annotator "TA"]
[PlyCount "130"]
[EventDate "2021.11.05"]
[EventType "swiss"]
[EventCountry "SWE"]
[SourceTitle "playchess.com"]
[Source "ChessBase"]
[SourceQuality "1"]

{[%evp 17,130,-13,-20,-10,-8,-14,0,-16,-16,-48,-41,-47,-40,-50,-41,-52,-15,-53,
-56,-97,-76,-60,-14,-14,0,0,0,0,0,-12,-15,-8,-15,-35,-30,-104,-92,-98,-113,-96,
-56,-68,-54,-53,0,0,0,0,0,0,8,-1,-3,-18,0,0,0,0,0,0,0,0,0,0,0,0,0,-80,-104,
-104,-60,-58,0,0,0,0,0,0,0,-6,0,0,0,0,0,-208,0,-170,-25,-67,-67,-554,-542,-514,
-506,-485,-477,-466,-439,-10245,-5102,-29963,-6575,-29980,-29981,-29980,-29981,
-29984,-29985,-29986,-29987,-29987,-29988,-29988,-29988]} 1. d4 Nf6 2. c4 e6 3.
Nf3 d5 4. Nc3 dxc4 5. e3 a6 6. Bxc4 b5 7. Bd3 Bb7 8. O-O c5 9. dxc5 Bxc5 10. b3
{D27: Queen's Gambit Accepted: Classical main line: 7 e4!? and 7 a4.} Nbd7 11.
Bb2 O-O 12. Rc1 {The position is equal.} Qe7 13. Nd2 Rfd8 {[#]} 14. Qe2 $146 ({
Predecessor:} 14. Nce4 Ba3 15. Bxa3 Qxa3 16. Rc7 Bxe4 17. Bxe4 Rac8 18. Qc1
Qxc1 19. Rfxc1 Rxc7 20. Rxc7 Nf8 21. Kf1 Rxd2 22. a4 Nxe4 {0-1 (23) Mirski,
R-Misztal,P (1762) Rewal 2009}) 14... Ba3 15. Bxa3 Qxa3 16. Nde4 Qb4 {[%cal
Rb7e4]} 17. Ng3 Rac8 18. Qb2 Nc5 19. Bb1 Qh4 {White must now prevent ...Ng4.}
20. h3 Nd3 $40 {[%mdl 128] White needs to defend precisely.} 21. Bxd3 Rxd3 22.
Rfd1 Rxd1+ 23. Rxd1 h5 24. Rd4 Qg5 25. h4 Qc5 26. Nce4 (26. Nce2 $11) 26...
Qc1+ $17 27. Qxc1 Rxc1+ 28. Kh2 Ng4+ 29. Kh3 Bxe4 30. Nxe4 $15 {[%mdl 4096]
Endgame KRN-KRN} f6 (30... Rc2 $1 $15) 31. Kg3 Rc6 32. Rd6 (32. Rd7 {looks
sharper.} Rc2 33. a3 Rb2 34. b4 Ra2 35. Ra7) 32... Rxd6 33. Nxd6 $11 {KN-KN}
Kf8 34. b4 Ne5 35. Ne4 Nd7 36. Kf3 Ke7 37. Ng3 g6 38. Ke4 Kd6 39. Kd4 e5+ 40.
Kc3 f5 41. f3 Nb6 {aiming for ...Nd5+.} 42. Nf1 (42. Kd3 $11 {keeps the
balance.}) 42... Nd5+ $17 43. Kb3 f4 44. e4 {[%cal Re4d5]} Nf6 (44... Ne7 $1
$15) 45. a3 $11 Nh7 46. Kc3 g5 47. hxg5 Nxg5 48. Kd3 h4 {White should prevent .
..h3.} 49. Ke2 Ne6 50. Kd3 Nd4 51. Nd2 $2 (51. Nh2 $1 $11 {and White stays
safe.}) 51... Kc6 $2 (51... h3 $19 52. gxh3 Ke6) 52. Kc3 $2 (52. Nf1 $1 $11 {
and White has nothing to worry.}) 52... Kb6 (52... Kd7 $19 53. Kd3 Ke6) 53. Kd3
a5 $1 54. bxa5+ $2 {[%mdl 8192] Loses the game.} ({Better is} 54. Kc3 $15)
54... Kxa5 $19 55. Kc3 Ka4 56. Kb2 {[#] and the idea Nb1 leaves White hopeful.}
b4 $1 {[%cal Rb4a3]} 57. axb4 Kxb4 58. Kc1 (58. Nf1 $142 Kc4 59. Nh2) 58... Kc3
59. Kd1 Kd3 (59... Nc2 $142 60. Ke2 Ne3 61. Nb1+ Kb2 62. Nd2 Kc2 63. Nf1 Nxg2
64. Nh2 Ne3 65. Nf1 Nxf1 66. Kxf1 Kd3 67. Kg1 Ke3 68. Kg2 Ke2 69. Kh2 Kf2 70.
Kh3 Kxf3 71. Kxh4 Kxe4 72. Kh3 f3 73. Kg3 Ke3 74. Kg4 f2 75. Kf5 f1=Q+ 76. Kxe5
Qb5+ 77. Ke6 Kf4 78. Kf7 Kf5 79. Ke7 Qd5 80. Kf8 Kf6 81. Ke8 Qd1 82. Kf8 Qd8#)
60. Ke1 Nc2+ {Black mates.} 61. Kd1 Ne3+ {[%mdl 64] [#] Double Attack} 62. Ke1
Nxg2+ 63. Kf2 Kxd2 64. Kxg2 Ke3 65. Kh3 Kxf3 {Weighted Error Value: White=0.74/
Black=0.24} 0-1

[Event "Hasselbacken Open 2021"]
[Site "Stockholm"]
[Date "2021.11.05"]
[Round "2.9"]
[White "Kucuksari, Kaan"]
[Black "Lacko, Pavel"]
[Result "1-0"]
[WhiteElo "2331"]
[BlackElo "2022"]
[Annotator "broadcasts"]
[PlyCount "47"]
[EventDate "2021.11.05"]
[EventType "swiss"]
[EventCountry "SWE"]
[TimeControl "900+5"]

1. d4 {[%emt 0:00:02]} Nf6 {[%emt 0:00:05]} 2. c4 {[%emt 0:00:04]} e6 {[%emt 0:
00:03]} 3. g3 {[%emt 0:00:02]} Bb4+ {[%emt 0:00:07]} 4. Bd2 {[%emt 0:00:02]}
Qe7 {[%emt 0:00:06]} 5. Bg2 {[%emt 0:00:03]} a5 {[%emt 0:00:10]} 6. e4 {
[%emt 0:00:20]} Nc6 {[%emt 0:00:14]} 7. Ne2 {[%emt 0:00:07]} O-O {[%emt 0:00:
15]} 8. O-O {[%emt 0:00:12]} d6 {[%emt 0:00:19]} 9. Bg5 {[%emt 0:00:12]} a4 {
[%emt 0:00:34]} 10. a3 {[%emt 0:00:15]} Ba5 {[%emt 0:00:11]} 11. e5 {[%emt 0:
00:06]} dxe5 {[%emt 0:00:19]} 12. Bxc6 {[%emt 0:00:03]} bxc6 {[%emt 0:01:30]}
13. dxe5 {[%emt 0:00:03]} Qc5 {[%emt 0:00:03]} 14. Bxf6 {[%emt 0:00:38]} gxf6 {
[%emt 0:00:04]} 15. exf6 {[%emt 0:00:01]} Qe5 {[%emt 0:00:57]} 16. Nbc3 {
[%emt 0:01:14]} Bxc3 {[%emt 0:00:50]} 17. Nxc3 {[%emt 0:00:03]} Qxf6 {[%emt 0:
00:03]} 18. Nxa4 {[%emt 0:00:22]} Rxa4 {[%emt 0:00:50]} 19. Qxa4 {[%emt 0:00:
04]} e5 {[%emt 0:00:02]} 20. c5 {[%emt 0:00:31]} Bh3 {[%emt 0:05:28]} 21. Rfe1
{[%emt 0:00:05]} Rd8 {[%emt 0:00:36]} 22. Qh4 {[%emt 0:00:05]} Qxh4 {[%emt 0:
00:14]} 23. gxh4 {[%emt 0:00:02]} Rd2 {[%emt 0:00:25]} 24. a4 {[%emt 0:00:05]}
1-0

[Event "Hasselbacken Open 2021"]
[Site "Stockholm"]
[Date "2021.11.05"]
[Round "4.5"]
[White "Henriksson, Johan"]
[Black "Lindgren, Philip"]
[Result "1-0"]
[WhiteElo "2227"]
[BlackElo "2357"]
[Annotator "TA"]
[PlyCount "95"]
[EventDate "2021.11.05"]
[EventType "swiss"]
[EventCountry "SWE"]
[SourceTitle "playchess.com"]
[Source "ChessBase"]
[SourceQuality "1"]

{[%evp 16,95,16,6,35,14,12,18,23,27,25,17,29,21,13,14,17,8,16,16,16,10,14,0,10,
10,10,0,0,0,10,0,15,0,100,106,93,13,17,10,6,0,4,12,8,10,15,15,15,16,16,16,81,
36,36,17,17,17,35,0,11,0,60,0,81,76,181,173,452,452,358,111,374,111,29982,
29983,29985,29986,29986,29986,29993,29994]} 1. d4 Nf6 2. c4 e6 3. g3 d5 4. Nf3
Bb4+ 5. Bd2 Bd6 6. Qc2 Nbd7 7. Bg2 c6 8. O-O O-O 9. Bf4 Qe7 {[#] E01: Catalan:
Early deviations.} 10. e3 $146 ({Predecessor:} 10. Bxd6 Qxd6 11. Nbd2 e5 12.
cxd5 cxd5 13. dxe5 Nxe5 14. Rac1 Nc6 15. Nb3 Re8 16. Nbd4 Bd7 17. Qc5 Qxc5 18.
Rxc5 Nxd4 19. Nxd4 {1/2-1/2 (47) Rasulov,V (2501)-Pourkashiyan,A (2331)
Teheran 2016}) 10... e5 11. dxe5 Nxe5 {The position is equal.} 12. Nxe5 Bxe5
13. cxd5 Bxf4 14. exf4 Nxd5 15. a3 Qf6 16. Nd2 {[%cal Bb1d2,Bd2f3,Bf3e5][%mdl
32]} Bf5 17. Qb3 Rad8 18. Nf3 Nb6 19. Ne5 Be6 20. Qc3 Bd5 21. Rfe1 Bxg2 22.
Kxg2 h6 23. h4 Rfe8 24. Rad1 Qf5 {[#]} (24... Rxd1 $11 {remains equal.} 25.
Rxd1 Nd5) 25. Rxd8 $1 $16 Rxd8 26. Qb3 ({Better is} 26. Qa5 $16) 26... Rd5 $11
27. a4 {[%cal Ba3a4,Ba4a5][%mdl 32]} Kh7 28. a5 Rb5 29. Qxf7 Rxe5 30. Qxf5+
Rxf5 31. axb6 axb6 {[%mdl 4096] Endgame KR-KR} 32. Re7 Rb5 33. Rxb7 Kg6 (33...
Rxb2 $11 34. h5 c5) 34. h5+ Kf6 $1 35. Rc7 c5 36. Rc6+ Kf7 37. Rc7+ Kf6 38.
Rc6+ Kf7 39. Rc7+ (39. g4 $14) 39... Kg8 (39... Kf6 $11 {keeps the balance.})
40. g4 $16 Rxb2 {[#]} (40... Kf8 $16) 41. g5 $1 $18 hxg5 $2 (41... Kf8 42. gxh6
gxh6) 42. fxg5 Re2 43. g6 $2 (43. Rc8+ $18 Kf7 44. g6+ Kf6 45. Kf3) 43... Kf8
$2 {[%mdl 8192]} (43... Re8 $16 {was called for.}) 44. Rf7+ $2 (44. Kf3 $18 {
is the precise move to win.} Re8 45. Rb7) 44... Ke8 {[%mdl 8192]} (44... Kg8
$16) 45. Rxg7 {White mates.} Re5 46. h6 Rg5+ 47. Kf3 c4 48. h7 {[%cal Rh7h8]
Weighted Error Value: White=0.27/Black=0.46} 1-0

[Event "Hasselbacken Open 2021"]
[Site "Stockholm"]
[Date "2021.11.05"]
[Round "1.2"]
[White "Seo, Jung Min"]
[Black "Lindh, Stefan"]
[Result "1-0"]
[WhiteElo "2455"]
[BlackElo "1872"]
[Annotator "TA"]
[PlyCount "51"]
[EventDate "2021.11.05"]
[EventType "swiss"]
[EventCountry "SWE"]
[SourceTitle "playchess.com"]
[Source "ChessBase"]
[SourceQuality "1"]

{[%evp 9,51,30,29,30,30,26,25,21,17,27,42,18,39,27,27,23,54,59,60,25,31,23,31,
36,32,41,128,122,120,121,127,138,125,127,123,114,231,245,383,385,501,509,778,
769]} 1. d4 Nf6 2. c4 c5 3. d5 b5 4. a3 g6 5. Nc3 bxc4 6. e4 {And now e5 would
win. A57: Benko/Volga Gambit.} d6 7. Bxc4 Bg7 8. Nf3 {White has an edge.} Nbd7
9. O-O O-O {[#]} 10. h3 $146 ({Predecessor:} 10. Re1 Nb6 11. Ba2 Bg4 12. h3
Bxf3 13. Qxf3 Nfd7 14. Bg5 a5 15. Qe2 a4 16. Rab1 {1-0 (29) Paravyan,D (2629)
-Papenin,N (2334) Sochi 2018}) 10... Rb8 11. Re1 Ne8 12. Qc2 Qa5 13. Bd2 Qb6
14. Rab1 Ba6 15. Na4 $36 {[%mdl 2048] White is more active.} Qb7 16. b4 Bxc4
17. Qxc4 {[%cal Rb4c5]} Qb5 (17... cxb4 $14 18. Rxb4 Qc8) 18. Qxb5 $16 Rxb5 19.
bxc5 Rxb1 20. Rxb1 {Hoping for Rb7.} Nxc5 21. Nxc5 dxc5 22. Rb7 {Strongly
threatening e5.} Nf6 (22... Nd6 $16 {might work better.} 23. Rxe7 (23. Rxa7
Nxe4 24. Rxe7 f5 $11) 23... Bf6 24. Rxa7 Nxe4) 23. Rxe7 $18 a6 (23... Rb8 $142
24. Bg5 c4) 24. d6 Rd8 25. e5 Ne4 (25... Nd5 $142 26. Ra7 Bf8) 26. Ba5 {
Weighted Error Value: White=0.06/Black=0.31} 1-0

[Event "Hasselbacken Open 2021"]
[Site "Stockholm"]
[Date "2021.11.05"]
[Round "2.10"]
[White "Moborn, Anders"]
[Black "Bellon Lopez, Juan Manuel"]
[Result "0-1"]
[WhiteElo "1993"]
[BlackElo "2326"]
[Annotator "ChessBase"]
[PlyCount "68"]
[EventDate "2021.11.05"]
[EventType "swiss"]
[EventCountry "SWE"]
[SourceTitle "playchess.com"]
[Source "ChessBase"]
[SourceQuality "1"]
[TimeControl "900+5"]

1. d4 {[%emt 0:00:06]} Nf6 {[%emt 0:00:01]} 2. c4 {[%emt 0:00:07]} a6 {[%emt 0:
00:01]} 3. Nc3 {[%emt 0:00:14]} c5 {[%emt 0:00:01]} 4. d5 {[%emt 0:00:08]} b5 {
[%emt 0:00:02]} 5. cxb5 {[%emt 0:00:26]} Qa5 {[%emt 0:00:01]} 6. bxa6 {[%emt 0:
01:01]} Bxa6 {[%emt 0:00:05]} 7. e3 {[%emt 0:00:19]} Bxf1 {[%emt 0:00:15]} 8.
Kxf1 {[%emt 0:00:02]} g6 {[%emt 0:00:06]} 9. g3 {[%emt 0:00:27]} Bg7 {[%emt 0:
00:04]} 10. h3 {[%emt 0:00:10]} d6 {[%emt 0:00:06]} 11. Nf3 {[%emt 0:00:05]}
O-O {[%emt 0:00:12]} 12. Kg2 {[%emt 0:13:00]} Nbd7 13. Re1 {[%emt 0:00:00]}
Rfb8 {[%emt 0:00:03]} 14. Re2 {[%emt 0:00:00]} Ne8 {[%emt 0:00:01]} 15. e4 {
[%emt 0:00:00]} Bxc3 {[%emt 0:00:59]} 16. bxc3 {[%emt 0:00:00]} Qxc3 {[%emt 0:
00:07]} 17. Bg5 {[%emt 0:00:00]} f6 {[%emt 0:00:04]} 18. Be3 {[%emt 0:00:00]}
Ra3 {[%emt 0:01:24]} 19. Qc1 {[%emt 0:00:00]} Qxc1 {[%emt 0:00:33]} 20. Rxc1 {
[%emt 0:00:00]} Rb4 {[%emt 0:00:28]} 21. Bh6 {[%emt 0:00:00]} Kf7 {[%emt 0:01:
15]} 22. Rcc2 {[%emt 0:00:00]} Raa4 {[%emt 0:00:29]} 23. Nd2 {[%emt 0:00:00]}
g5 {[%emt 0:00:03]} 24. h4 {[%emt 0:00:00]} Kg6 {[%emt 0:00:01]} 25. hxg5 {
[%emt 0:00:00]} fxg5 {[%emt 0:00:01]} 26. Bxg5 {[%emt 0:00:00]} Kxg5 {[%emt 0:
00:02]} 27. f4+ {[%emt 0:00:00]} Kf6 {[%emt 0:02:05]} 28. g4 {[%emt 0:00:00]}
e5 {[%emt 0:00:33]} 29. g5+ {[%emt 0:00:00]} Kg6 {[%emt 0:00:07]} 30. f5+ {
[%emt 0:00:00]} Kxg5 {[%emt 0:00:09]} 31. Re3 {[%emt 0:00:00]} Ndf6 {[%emt 0:
01:01]} 32. Rg3+ {[%emt 0:00:00]} Ng4 {[%emt 0:00:35]} 33. Kh3 {[%emt 0:00:00]}
h5 {[%emt 0:00:18]} 34. Nf3+ {[%emt 0:00:16]} Kh6 {[%emt 0:00:03]} 0-1

[Event "Hasselbacken Open 2021"]
[Site "Stockholm"]
[Date "2021.11.05"]
[Round "4.6"]
[White "Kucuksari, Kaan"]
[Black "Tuomainen, Felix"]
[Result "1-0"]
[WhiteElo "2331"]
[BlackElo "2224"]
[Annotator "TA"]
[PlyCount "95"]
[EventDate "2021.11.05"]
[EventType "swiss"]
[EventCountry "SWE"]

{[%evp 20,94,22,27,28,12,51,-20,0,2,0,0,30,0,32,8,8,11,33,26,44,43,72,60,93,76,
115,114,115,98,133,133,144,149,149,144,138,138,150,149,179,149,167,148,188,145,
189,183,197,197,200,200,242,238,218,225,363,346,581,577,569,569,551,497,723,
724,12843,12843,12843,12843,12844,12844,12844,12845,29999,29998,29999]} 1. d4
Nf6 2. c4 e5 3. dxe5 Ng4 4. Bf4 Nc6 5. Nf3 Bb4+ 6. Nbd2 Qe7 7. a3 Bxd2+ 8. Qxd2
Ngxe5 9. Nxe5 Nxe5 10. e3 d6 11. Be2 a5 {A52: Budapest Gambit.} 12. Qc3 O-O {
[#]} 13. b4 $146 ({White should play} 13. c5 $14) ({Predecessor:} 13. c5 f6 14.
cxd6 Qxd6 15. Rc1 c6 16. O-O Qe7 17. Rfd1 Bf5 18. Bg3 Rfe8 19. f3 {1-0 (35)
Maksimovic,B (2367)-Jakovljevic,D (2003) Paracin 2015}) 13... axb4 {The
position is equal.} 14. axb4 Rxa1+ 15. Qxa1 Bf5 16. Qc3 b6 17. c5 bxc5 18. bxc5
Ng6 (18... Qf6 {with more complications.} 19. Qd4 Qg6 20. O-O Bd3 21. Bxd3 Nxd3
22. cxd6 Nxf4 23. Qxf4 Qxd6 24. Qxd6 cxd6 25. Ra1 Rd8) 19. Bg3 h6 20. O-O Rd8
21. Rc1 Nf8 {White stays focused until the end.} 22. Qa5 {[#] Hoping for cxd6.}
Bg6 23. cxd6 cxd6 24. Rd1 Be4 25. Qb4 Qb7 26. Qxb7 ({Don't play} 26. Bxd6 $6
Bxg2 27. Qxb7 Bxb7 $14) 26... Bxb7 27. Rxd6 Rxd6 28. Bxd6 $16 {[%mdl 4096]
Endgame KBB-KBN} Ne6 29. f3 g5 30. Kf2 Kg7 31. Bc4 Kf6 32. e4 Kg6 33. Ke3 h5
34. g3 Ng7 35. Kd4 f5 36. Ke5 {Black must now prevent exf5+.} fxe4 37. fxe4 h4
(37... Ne8 {was worth a try.} 38. Be7 Bc6) 38. g4 $18 Bc6 $2 (38... Ne8 39. Be7
Bc6) 39. Bf8 Ne8 {If Black can now play ...Nf6 this consolidates a bit.} 40.
Be6 Nf6 {Black hopes to continue with ...Bd7.} 41. Be7 Nd7+ (41... Ne8 $142 42.
Bf5+ Kf7) 42. Kd6 {[%mdl 64] [#] Double Attack} Bxe4 43. Kxd7 Bf3 44. Kd6 Be2
45. Ke5 Bf3 46. Bf5+ Kh6 47. Kf6 {[%cal Re7f8]} h3 48. Bf8# {Weighted Error
Value: White=0.13/Black=0.54} 1-0